Problemy wspólczesnej gospodarki swiatowej

Salvato in:
Dettagli Bibliografici
Autore principale: Rutkowska, Irena
Altri autori: Rutkowski, Józef
Natura: Libro
Lingua:polacco
Pubblicazione: Warszawa Ksiazka i Wiedza 1983
Edizione:2. wyd. zmien. i uzupel.
Tags: Aggiungi Tag
Nessun Tag, puoi essere il primo ad aggiungerne!!

MARC

LEADER 00000nam a2200000 4500
001 c114079
005 20041019155157.6
041 0 |a pol 
044 |a PL 
245 1 0 |a Problemy wspólczesnej gospodarki swiatowej  |c Irena Rutkowska, Józef Rutkowski 
250 |a 2. wyd. zmien. i uzupel. 
264 1 |a Warszawa  |b Ksiazka i Wiedza  |c 1983 
300 |a 474 s. 
100 1 |a Rutkowska, Irena 
700 1 |a Rutkowski, Józef